Náhorní Karabach a řešení mezinárodních konfliktů podle realistické tradice

Definícia medzinárodného konfliktu. Vyriešenie medzinárodného konfliktu. Racionálny prístup k riešeniu konfliktu. Úloha mocností. Stručná história konfliktu v Náhornom Karabachu. Geopolitické záujmy Ruska, USA, Turecka a Iránu.

Uložené v:
Podrobná bibliografia
Hlavný autor: Ditrych, Ondřej
Médium: Kapitola
Jazyk:Czech
Predmet:
Tagy: Pridať tag
Žiadne tagy, Buďte prvý, kto otaguje tento záznam!

MARC

LEADER 00000naa$a2200000$$$4500
001 0050289
005 20231016100237.6
041 0 |a cze 
044 |a CZ 
245 1 0 |a Náhorní Karabach a řešení mezinárodních konfliktů podle realistické tradice  |c Ondřej Ditrych 
520 |a Definícia medzinárodného konfliktu. Vyriešenie medzinárodného konfliktu. Racionálny prístup k riešeniu konfliktu. Úloha mocností. Stručná história konfliktu v Náhornom Karabachu. Geopolitické záujmy Ruska, USA, Turecka a Iránu. 
610 2 0 |a vzťahy medzinárodné 
610 2 0 |a politika zahraničná 
610 2 0 |a konflikty medzinárodné 
610 2 0 |a konflikty etnické 
610 2 0 |a geopolitika 
610 2 0 |a stabilita politická 
610 2 0 |a bezpečnosť 
610 2 0 |a Arménsko 
610 2 0 |a Azerbajdžan 
610 2 0 |a Rusko 
100 1 |a Ditrych, Ondřej